000 01579cam a2200361 a 4500
999 _c7894
_d7894
001 15189737
003 OSt
005 20200129102923.0
008 080222s2008 nyua 001 0 eng
010 _a 2008008060
020 _a9780071497053 (alk. paper)
020 _a9780070264847
035 _a(OCoLC)ocn202546945
035 _a(OCoLC)202546945
_z(OCoLC)154657954
040 _aDLC
_cDLC
_dBAKER
_dBTCTA
_dYDXCP
_dC#P
_dBWX
_dDLC
050 0 0 _aHF5548.4.R2
_bW56 2008
082 0 0 _a658.85028553
_222
_bWIL/I
100 _aWilliams, Glynn C
_91472
245 1 0 _aImplementing SAP ERP sales & distribution /
_cGlynn C. Williams.
246 3 _aImplementing SAP ERP sales and distribution
260 _aNew York :
_bMcGraw-Hill,
_cc2008.
300 _axiv, 513 p. :
_bill. ;
_c24 cm.
500 _aIncludes index.
630 0 0 _aSAP R/3.
650 0 _aSales management
_xComputer programs.
650 0 _aPhysical distribution of goods
_xManagement
_xComputer programs.
856 4 2 _3Contributor biographical information
_uhttp://www.loc.gov/catdir/enhancements/fy0810/2008008060-b.html
856 4 2 _3Publisher description
_uhttp://www.loc.gov/catdir/enhancements/fy0810/2008008060-d.html
856 4 1 _3Table of contents only
_uhttp://www.loc.gov/catdir/enhancements/fy0810/2008008060-t.html
906 _a7
_bcbc
_corignew
_d1
_eecip
_f20
_gy-gencatlg
942 _2ddc
_cBK
_h658.85028553
_iWIL/I
_k658.85028553
_mWIL/I